Southville International School and Colleges
Your cart is empty.
  • Cart
  • Lists
    Public lists Eva Luna New books Lux_list list_1
    Your lists Log in to create your own lists
  • Log in to your account
  • Your cookies
  • Search history
Southville International School and Colleges
  • Advanced search
  • Recent comments
  • Most popular
  • Libraries

Log in to your account

Log in with GOOGLE


If you do not have an external account, but do have a local account, you can still log in:

  1. Home
  2. MARC view: Philippine governance and the 1987 constitution
Normal view MARC view ISBD view

Philippine governance and the 1987 constitution (Record no. 18835)

[ view plain ]
MARC details
000 -LEADER
fixed length control field 01044cam a22003614a 4500
001 - CONTROL NUMBER
control field 15966818
003 - CONTROL NUMBER IDENTIFIER
control field OSt
005 - DATE AND TIME OF LATEST TRANSACTION
control field 20140310183110.0
008 - FIXED-LENGTH DATA ELEMENTS--GENERAL INFORMATION
fixed length control field 091030s2009 ph b 001 0 eng
010 ## - LIBRARY OF CONGRESS CONTROL NUMBER
LC control number 2009516453
020 ## - INTERNATIONAL STANDARD BOOK NUMBER
International Standard Book Number 9789712352522
040 ## - CATALOGING SOURCE
Original cataloging agency DLC
Transcribing agency DLC
042 ## - AUTHENTICATION CODE
Authentication code lcode
043 ## - GEOGRAPHIC AREA CODE
Geographic area code a-ph---
050 00 - LIBRARY OF CONGRESS CALL NUMBER
Classification number JQ 1431
Item number .L431 2009
082 ## - DEWEY DECIMAL CLASSIFICATION NUMBER
Classification number FIL 342
Item number .L45 2009
100 1# - MAIN ENTRY--PERSONAL NAME
Personal name Lazo, Ricardo S.
245 10 - TITLE STATEMENT
Title Philippine governance and the 1987 constitution
Statement of responsibility, etc Lazo, Ricardo S.
250 ## - EDITION STATEMENT
Edition statement 2009 ed.
260 ## - PUBLICATION, DISTRIBUTION, ETC. (IMPRINT)
Place of publication, distribution, etc Manila, Philippines
Name of publisher, distributor, etc Rex Book Store
Date of publication, distribution, etc c2009
300 ## - PHYSICAL DESCRIPTION
Extent xxviii, 500 p.
Dimensions 26 cm.
504 ## - BIBLIOGRAPHY, ETC. NOTE
Bibliography, etc Includes bibliographical references and index.
521 ## - TARGET AUDIENCE NOTE
Target audience note
526 ## - STUDY PROGRAM INFORMATION NOTE
Reading level 1210L to 1700L
541 ## - IMMEDIATE SOURCE OF ACQUISITION NOTE
-- 1
541 ## - IMMEDIATE SOURCE OF ACQUISITION NOTE
-- 2
562 ## - COPY AND VERSION IDENTIFICATION NOTE
Number of copies 2
650 #0 - SUBJECT ADDED ENTRY--TOPICAL TERM
Topical term or geographic name as entry element Constitutional law
Geographic subdivision Philippines.
651 #0 - SUBJECT ADDED ENTRY--GEOGRAPHIC NAME
Geographic name Philippines
General subdivision Politics and government
Chronological subdivision 1973-
906 ## - LOCAL DATA ELEMENT F, LDF (RLIN)
a 7
b cbc
c origode
d 2
e ncip
f 20
g y-gencatlg
942 ## - ADDED ENTRY ELEMENTS (KOHA)
Source of classification or shelving scheme Library of Congress Classification
Koha item type Books
Call number prefix Filipininana
Holdings
Withdrawn status Lost status Source of classification or shelving scheme Damaged status Home library Current library Shelving location Date acquired Total Checkouts Full call number Barcode Date last seen Copy number Price effective from Koha item type Source of acquisition
    Library of Congress Classification   College Library College Library Filipiniana Section 03/22/2013   JQ 1431 .L431 2009 C12660 05/08/2018 1 03/22/2013 Books  
    Library of Congress Classification   College Library College Library Filipiniana Section 05/24/2013   KPM 1750 .L431 2009 c16690 05/08/2018 2 05/24/2013 Books Donation

Philippine governance and the 1987 constitution

APA

Lazo R. S., . (2009). Philippine governance and the 1987 constitution. Manila, Philippines: Rex Book Store.

Chicago

Lazo Ricardo S, . 2009. Philippine governance and the 1987 constitution. Manila, Philippines: Rex Book Store.

Harvard

Lazo R. S., . (2009). Philippine governance and the 1987 constitution. Manila, Philippines: Rex Book Store.

MLA

Lazo Ricardo S, . Philippine governance and the 1987 constitution. Manila, Philippines: Rex Book Store. 2009.

  • Place hold
  • Print
  • Cite
  • Add to your cart (remove)
  • Save record
    BIBTEX Dublin Core MARCXML MARC (non-Unicode/MARC-8) MARC (Unicode/UTF-8) MARC (Unicode/UTF-8, Standard) MODS (XML) RIS
  • More searches
    Search for this title in:
    Other Libraries (WorldCat) Other Databases (Google Scholar) Online Stores (Bookfinder.com) Open Library (openlibrary.org)

Exporting to Dublin Core...

SOUTHVILLE LIBRARY

Southville International School and Colleges Library

1281 Tropical Ave. Cor. Luxembourg St., BF Homes International, Las Pinas City

Tel. No. 8256374 / 252358 Loc. 117/146

Powered by Koha